000 00672cam a2200217 i 4500
020 _a9780073378305 (hard copy : alk. paper)
020 _a0073378305 (hard copy : alk. paper)
040 _cDLC
082 0 0 _a612 MCG 2014 A115 Or.
100 1 _aWidmaier, Eric P.
245 1 0 _aVander's human physiology :
_bthe mechanisms of body function.
246 3 0 _aHuman physiology
250 _aThirteenth edition /
300 _a1 volume (various pages) :
_billustrations (chiefly color) ;
_c29 cm
500 _aIncludes index.
650 0 _aHuman physiology.
700 1 _aRaff, Hershel,
700 1 _aStrang, Kevin T.
700 1 _aVander, Arthur J.,
942 _cAEDBB
999 _c17463
_d17463